সংবর্তন /

Bibliographic Details
Main Author: আসাদুজ্জামান
Format: Book
Language:Bengali
Published: ঢাকা : ভাষাচিত্র, ২০১৭.
Subjects:
Classic Catalogue: View this record in Classic Catalogue
LEADER 01208nam a2200289 4500
001 32825
003 BD-DhAAL
005 20250626102242.0
008 180320s2017 bg ||||| |||| 00| 0dben d
020 |a 9789849280309 
040 |a BD-DhAAL  |d BD-DhAAL 
041 |a ben 
082 |a 633.1807205  |2 21 
100 |a আসাদুজ্জামান.  |9 25223 
245 |a সংবর্তন /  |c আসাদুজ্জামান. 
260 |a ঢাকা :  |b ভাষাচিত্র,  |c ২০১৭. 
300 |a ৩৪০ পৃষ্ঠা :  |c ২২ সে.মি. 
526 |a AAL 
541 |a Donated Book  |e 32825,32826 
600 |a Hossain, Mahabub.  |9 25224 
650 |a Rice  |x Research  |z Asia.  |9 25225 
650 |a Agricultural innovations  |z Asia.  |9 25226 
852 |a Ayesha Abed Library  |c General Stacks 
942 |2 ddc  |c BK 
999 |c 39162  |d 39162 
952 |0 0  |1 0  |2 ddc  |4 0  |6 633_180720500000000_ASA  |7 0  |9 62987  |a BRACUL  |b BRACUL  |c GEN  |d 2018-03-20  |e Donated Book   |l 0  |o 633.1807205 ASA  |p 3010032825  |r 2018-03-20  |t 1  |w 2018-03-20  |y BK 
952 |0 0  |1 0  |2 ddc  |4 0  |6 633_180720500000000_ASA  |7 0  |9 62988  |a BRACUL  |b BRACUL  |c GEN  |d 2018-03-20  |e Donated Book   |l 0  |o 633.1807205 ASA  |p 3010032826  |r 2018-03-20  |t 2  |w 2018-03-20  |y BK